El desorden del espíritu: Conversaciones con Amighetti

Sparad:
Bibliografiska uppgifter
Huvudupphovsman: Herra, Rafael Angel
Materialtyp: Bok
Språk:Undetermined
Publicerad: San José, Costa Rica Editorial de la Universidad de Costa Rica 1987
Ämnen:
Taggar: Lägg till en tagg
Inga taggar, Lägg till första taggen!

MARC

LEADER 00000nam a2200000Ia 4500
008 170316s9999 xx 000 0 und d
090 |a 100 H-24d 
100 |a Herra, Rafael Angel 
245 |a El desorden del espíritu: Conversaciones con Amighetti 
260 |a San José, Costa Rica 
260 |b Editorial de la Universidad de Costa Rica 
260 |c 1987 
300 |a 201 páginas 
650 |a FILOSOFÍA 
650 |a LA MUJER 
650 |a FRANCISCO AMIGHETTI RUIZ 
999 |c 16468  |d 16468 
040 |a cru BVZT 
942 |c 15 D  |h 100 H-24d  |2 z